00470nam a22001457a 4500020001800000040000900018082001600027100003000043245003100073260006100104600002400165942001200189999001900201952010400220 a9781589238572 cNUST a823-CHbCAR a Carpenter Autumn 981710 aSweet Art Creature Cookies aUSA:bCreative Publishing International.Rockport,c2015. aLevy Karen 981711 2ddccBK c586203d586203 00102ddc4070aCEMEbCEMEcGENd2021-08-25l0o823-CH CARpCEME-50360r2021-08-25w2021-08-25yBK